00578nam a2200181Ia 4500003000900000008004100009040001600050080001500066100002200081245012100103260003600224300001400260490005000274650001600324650001600340650001900356700002100375IN-BaIIA211028s9999 xx 000 0 eng d cIIA Library a51-74bWES aWestlake, John H. 0aApplied mathematics for electronicscJohn H. Westlake and Gordon E. Noden  aNew JerseybPrentice-Hallc1968 axv, 608p. aPrentice-Hall Series in Technical Mathematics aElectronics aMathematics aNASA Thesaurus aNoden, Gordon E.